Specification for braided spray hose of rubber, high pressure. (Revised) (Record no. 73577)

MARC details
000 -LEADER
fixed length control field 00392nam a2200133Ia 4500
245 #0 - TITLE STATEMENT
Title Specification for braided spray hose of rubber, high pressure. (Revised)
260 ## - PUBLICATION, DISTRIBUTION, ETC. (IMPRINT)
Year of publication 1963
500 ## - GENERAL NOTE
General note Standard number: IS 1677
650 ## - SUBJECT ADDED ENTRY--TOPICAL TERM
Topical Term Agricultural spray hose
650 ## - SUBJECT ADDED ENTRY--TOPICAL TERM
Topical Term Braided textile reinforcement
650 ## - SUBJECT ADDED ENTRY--TOPICAL TERM
Topical Term Rubber hose
942 ## - ADDED ENTRY ELEMENTS (KOHA)
Koha item type Standards
Holdings
Withdrawn status Lost status Damaged status Not for loan Collection code Home library Current library Date acquired Koha item type
      Standards Indian standards RRII Library RRII Library 31/12/2021 Standards